| 000 | 00747cam a2200241 i 4500 | ||
|---|---|---|---|
| 999 |
_c127453 _d127453 |
||
| 001 | 3189330 | ||
| 003 | ARRUPE | ||
| 005 | 20180119111758.0 | ||
| 008 | 761129s1976 fr b 000 0 fre | ||
| 010 | _a 76481686 | ||
| 015 | _aF*** | ||
| 020 |
_a2852440229 : _c39.00F |
||
| 040 |
_aDLC _cDLC _dDLC |
||
| 050 | 0 | 0 |
_aBX830. 1962 _b.A7 U60 |
| 082 | 0 | 0 | _a261.7/2 |
| 245 | 1 | 3 |
_aLa liberté religieuse : _bdeclaration "dignitatis humanae personae _cedited by Jorome Hamer and Yves Congar |
| 260 |
_aParis : _bLes Editions Du Cerf, _cc1967. |
||
| 300 |
_a281 p. ; _c23 cm. |
||
| 440 |
_aUnam Sanctam _n60 _938755 |
||
| 504 | _aIncludes bibliographical references. | ||
| 650 | 0 |
_aVatican Council. 2nd. _xDecrees _xCommentaries _917478 |
|
| 650 | 0 |
_aReligious liberty _xCatholic Church _938756 |
|
| 700 |
_aHamer, Jerome _eed. _938783 |
||
| 700 |
_aCongar, Yves _eed. _922373 |
||
| 906 |
_a7 _bcbc _corignew _d4 _encip _f19 _gy-gencatlg |
||
| 942 |
_2lcc _cMONOGRAPH |
||